Frida Kahlo : (Registro nro. 3803)
[ vista simple ]
| 000 -LEADER | |
|---|---|
| fixed length control field | 01352nam a2200289Ia 4500 |
| 003 - CONTROL NUMBER IDENTIFIER | |
| control field | OSt |
| 005 - DATE AND TIME OF LATEST TRANSACTION | |
| control field | 20240712090522.0 |
| 008 - FIXED-LENGTH DATA ELEMENTS--GENERAL INFORMATION | |
| fixed length control field | 191128s2017 ck gr 000 0dspa d |
| 020 ## - INTERNATIONAL STANDARD BOOK NUMBER | |
| International Standard Book Number | 9789583055621 |
| 040 ## - CATALOGING SOURCE | |
| Original cataloging agency | CO-JMCR |
| Language of cataloging | spa |
| Transcribing agency | CO-JMCR |
| Modifying agency | CO-JMCR |
| Description conventions | rda |
| 041 0# - LANGUAGE CODE | |
| Language code of text/sound track or separate title | spa |
| 082 04 - DEWEY DECIMAL CLASSIFICATION NUMBER | |
| Classification number | 927.599 |
| Item number | A31f |
| Edition number | 23 |
| 100 1# - MAIN ENTRY--PERSONAL NAME | |
| Personal name | Alape, Arturo, |
| Dates associated with a name | 1938-2006 |
| Relator term | autor |
| 9 (RLIN) | 837 |
| 245 10 - TITLE STATEMENT | |
| Title | Frida Kahlo : |
| Remainder of title | miradas en el espejo / |
| Statement of responsibility, etc. | Arturo Alape y Carlos Montalvo Pérez |
| 250 ## - EDITION STATEMENT | |
| Edition statement | Segunda edición |
| 260 ## - PUBLICATION, DISTRIBUTION, ETC. | |
| Place of publication, distribution, etc. | Bogotá : |
| Name of publisher, distributor, etc. | Panamericana , |
| Date of publication, distribution, etc. | 2017 |
| 300 ## - PHYSICAL DESCRIPTION | |
| Extent | 95 páginas ; |
| Dimensions | 21 cm. |
| 490 0# - SERIES STATEMENT | |
| Series statement | 100 personajes autores |
| 500 ## - GENERAL NOTE | |
| General note | Incluye datos biográficos de los autores en la solapa. |
| 504 ## - BIBLIOGRAPHY, ETC. NOTE | |
| Bibliography, etc. note | Bibliografía: páginas 94-95 |
| 505 0# - FORMATTED CONTENTS NOTE | |
| Title | Ámbitos familiares -- Formación: aprendizajes y carácter -- Frida y Diego: amor y política en tiempos de revolución -- La pintura de Frida: temas y motivos -- La última muerte de Frida -- Cronología |
| 520 3# - SUMMARY, ETC. | |
| Summary, etc. | Frida Kahlo es la pintora mexicana y latinoamericana más importante de todos los tiempos, por el tratamiento original de su obra. Plasma su arte a partir de su decisión de hacerse artista |
| 600 14 - SUBJECT ADDED ENTRY--PERSONAL NAME | |
| Personal name | Kahlo, Frida, |
| General subdivision | biografías |
| Chronological subdivision | 1907-1954 |
| 9 (RLIN) | 11067 |
| 650 14 - SUBJECT ADDED ENTRY--TOPICAL TERM | |
| Topical term or geographic name entry element | Pintores mexicanos |
| General subdivision | biografías |
| Chronological subdivision | Siglo XX |
| 9 (RLIN) | 11068 |
| 700 1# - ADDED ENTRY--PERSONAL NAME | |
| Personal name | Montalvo Pérez, Carlos, |
| Relator term | autor |
| 9 (RLIN) | 11069 |
| 942 ## - ADDED ENTRY ELEMENTS (KOHA) | |
| Source of classification or shelving scheme | Dewey Decimal Classification |
| Koha item type | Books |
| Withdrawn status | Lost status | Source of classification or shelving scheme | Damaged status | Not for loan | Collection code | Home library | Current library | Date acquired | Source of acquisition | Total Checkouts | Total Renewals | Full call number | Barcode | Date last seen | Date last checked out | Copy number | Koha item type |
|---|---|---|---|---|---|---|---|---|---|---|---|---|---|---|---|---|---|
| Dewey Decimal Classification | Non-fiction | Biblioteca Pública José María del Castillo y Rada | Biblioteca Pública José María del Castillo y Rada | 02/25/2019 | Donación | 7 | 2 | 927.599 A31f | 201808250 | 12/05/2024 | 11/27/2024 | Ej.1 | Books |